000 00572nam a2200193Ia 4500
001 12697
003 IN-NITTTR
005 20251114233119.0
008 251113s9999||||xx |||||||||||||| ||eng||
040 _beng
040 _cIN-NITTTR
041 _aeng
082 _a330.901724 R743U
100 _aRothermund, Dietmar.
245 0 _aUrban growth and rural stagnation ; studies in the economy of an Indian coalfield and its rural hinterland. /
_cRothermund, Dietmar., Kropp, E., Dienemann, G.
700 _a Dienemann, G.
700 _a Kropp, E.
942 _2ddc
_cBK
999 _c15333
_d15333